Daňová politika v oblasti uplatňovania dôchodkových daní vo vybraných krajinách EÚ a jej vplyv na podnikateľské prostredie diplomová práca

Na minha lista:
Detalhes bibliográficos
Autor principal: Pilo, Dávid
Autor Corporativo: Fakulta podnikového manažmentu EU. Katedra podnikových financií
Outros Autores: Ďurinová, Ivona, 1964-
Formato: Livro
Idioma:eslovaco
Publicado em: Bratislava 2021
Tags: Adicionar Tag
Sem tags, seja o primeiro a adicionar uma tag!

MARC

LEADER 00000nbm a2200000 4500
001 0275827
005 20211129123802.1
041 0 |a slo 
044 |a SK 
245 1 0 |a Daňová politika v oblasti uplatňovania dôchodkových daní vo vybraných krajinách EÚ a jej vplyv na podnikateľské prostredie  |b diplomová práca  |c Dávid Pilo ; školiteľ: Ivona Ďurinová 
264 1 |a Bratislava  |c 2021 
300 |a 93 s. 
100 1 |a Pilo, Dávid 
700 1 |a Ďurinová, Ivona, 1964- 
710 2 |a Fakulta podnikového manažmentu EU. Katedra podnikových financií